Собрание сочинений в десяти томах. Том четвертый. Весна в Карфагене. Роман
| מחבר ראשי: | |
|---|---|
| סיכום: | Книга находится в премиум-версии платформы «Русский как иностранный». Впервые в русской литературе на страницах романа-эпопеи Вацлава Михальского «Весна в Карфагене» встретились Москва и Карфаген - Россия и Тунис, русские, арабы, французы. Они соединились в судьбах главных героинь романа — Марии и Александры, дочерей адмирала Российского Императорского флота. То, что происходит с матерью главных героинь, графиней, ставшей в новой жизни уборщицей, не менее трагично по своей силе и контрастности, чем судьба ее дочерей. В романе «Весна в Карфагене» есть и новизна материала, и сильная интрига, и живые, яркие характеры, и описания неизвестных широкой публике исторических событий ХХ века. |
| יצא לאור: |
Москва, Согласие, 2015
|
| נושאים: | |
| גישה מקוונת: | Перейти к просмотру издания |
| פורמט: | אלקטרוני |
MARC
| LEADER | 00000 a2200000 4500 | ||
|---|---|---|---|
| 001 | RU/ROS-EDU.RU/42528 | ||
| 856 | 4 | |u https://www.ros-edu.ru/book?id=42528 |z Перейти к просмотру издания | |
| 010 | |a 978-5-906709-14-1 | ||
| 100 | |a 20150101d2015 |||y0rusy0250 | ||
| 105 | |a y z 000zy | ||
| 101 | 0 | |a rus | |
| 102 | |a RU | ||
| 200 | 1 | |a Собрание сочинений в десяти томах. Том четвертый. Весна в Карфагене. Роман |b Электронный ресурс |f В. В. Михальский | |
| 700 | 1 | |b В. В. |a Михальский |4 070 | |
| 330 | |a Впервые в русской литературе на страницах романа-эпопеи Вацлава Михальского «Весна в Карфагене» встретились Москва и Карфаген - Россия и Тунис, русские, арабы, французы. Они соединились в судьбах главных героинь романа — Марии и Александры, дочерей адмирала Российского Императорского флота. То, что происходит с матерью главных героинь, графиней, ставшей в новой жизни уборщицей, не менее трагично по своей силе и контрастности, чем судьба ее дочерей. В романе «Весна в Карфагене» есть и новизна материала, и сильная интрига, и живые, яркие характеры, и описания неизвестных широкой публике исторических событий ХХ века. | ||
| 210 | |a Москва |c Согласие |d 2015 | ||
| 610 | 1 | |a собрание сочинений | |
| 610 | 1 | |a весна | |
| 610 | 1 | |a Карфаген | |
| 610 | 1 | |a роман-эпопея | |
| 675 | |a 882 | ||
| 686 | |a 84 |2 rubbk | ||
| 300 | |a Книга находится в премиум-версии платформы «Русский как иностранный». | ||
| 215 | |a 336 с. | ||